Plant design and economics for chemical engineers (Record no. 26086)

000 -LEADER
fixed length control field 00574nam a22002057a 4500
001 - CONTROL NUMBER
control field 26086
003 - CONTROL NUMBER IDENTIFIER
control field BD-DhUET
008 - FIXED-LENGTH DATA ELEMENTS--GENERAL INFORMATION
fixed length control field 150518b xxu||||| |||| 00| 0 eng d
040 ## - CATALOGING SOURCE
Original cataloging agency DLC
Transcribing agency DLC
Modifying agency BD-DhUET
082 ## - DEWEY DECIMAL CLASSIFICATION NUMBER
Classification number 660.28
Item number PET/1968
100 ## - MAIN ENTRY--PERSONAL NAME
Personal name Peters, Max S.
245 ## - TITLE STATEMENT
Title Plant design and economics for chemical engineers
250 ## - EDITION STATEMENT
Edition statement 2nd ed.
260 ## - PUBLICATION, DISTRIBUTION, ETC. (IMPRINT)
Place of publication, distribution, etc. Tokyo
Name of publisher, distributor, etc. McGraw-Hill Kogakusha
Date of publication, distribution, etc. 1968
300 ## - PHYSICAL DESCRIPTION
Extent 850p.
Other physical details ill.
490 ## - SERIES STATEMENT
Series statement McGraw-Hill chemical engineering series
650 #0 - SUBJECT ADDED ENTRY--TOPICAL TERM
Topical term or geographic name as entry element Design : Chemical engineering
700 ## - ADDED ENTRY--PERSONAL NAME
Personal name Timmerhaus, Klaus D.
942 ## - ADDED ENTRY ELEMENTS (KOHA)
Koha item type General Book
Holdings
Price effective from Koha full call number Copy number Koha normalized classification for sorting Date acquired Piece designation (barcode) Withdrawn status Damaged status Location (home branch) Sublocation or collection (holding branch) Source of classification or shelving scheme Lost status Koha date last seen Shelving location Koha item type Not for loan
2015-05-18660.28/PET/19681660_280000000000000_PET_19682015-05-1817893  Central Library, BUETCentral Library, BUET  2015-05-18Circulation sectionGeneral Book 
2015-05-18660.28/PET/19682660_280000000000000_PET_19682015-05-1854701  Central Library, BUETCentral Library, BUET  2015-05-18Circulation sectionGeneral Book 
2015-05-23660.28/PET/19683660_280000000000000_PET_19682015-05-2332144  Central Library, BUETCentral Library, BUET  2015-05-23Circulation sectionGeneral Book 
2015-06-18660.28/PET/19684660_280000000000000_PET_19682015-06-1832147  Central Library, BUETCentral Library, BUET  2015-06-18Reading sectionReading Item 
2015-06-20660.28/PET/19685660_280000000000000_PET_19682015-06-2015597  Central Library, BUETCentral Library, BUET  2015-06-20Reading sectionReading Item 
2015-06-20660.28/PET/19686660_280000000000000_PET_19682015-06-2017895  Central Library, BUETCentral Library, BUET  2015-06-20Reading sectionReading Item 
2015-06-20660.28/PET/19687660_280000000000000_PET_19682015-06-2032145  Central Library, BUETCentral Library, BUET  2015-06-20Reading sectionReading Item 
2015-06-28660.28/PET/19688660_280000000000000_PET_19682015-06-2824428  Central Library, BUETCentral Library, BUET  2015-06-28Reading sectionReading Item 
2015-06-28660.28/PET/19689660_280000000000000_PET_19682015-06-2832146  Central Library, BUETCentral Library, BUET  2015-06-28Reading sectionReading Item 
2015-06-28660.28/PET/196810660_280000000000000_PET_19682015-06-2824430  Central Library, BUETCentral Library, BUET  2015-06-28Reading sectionReading Item 
2015-06-29660.28/PET/196811660_280000000000000_PET_19682015-06-2916642  Central Library, BUETCentral Library, BUET  2015-06-29Reading sectionReading Item